[Event "Pilsen Open 2024 - A INGEM IM Round Robin"]
[Site "Parkhotel Plzen ****, Plzen"]
[Date "2024.02.17"]
[Round "1"]
[Board "3"]
[White "Adarsh, Tripathi"]
[Black "Gramb, Marius"]
[Result "0-1"]
[WhiteElo "2356"]
[BlackElo "2175"]
[PlyCount "124"]
[EventDate "2024.02.17"]
[EventRounds "9"]
[EventCountry "CZE"]

1. e4 e5 2. Nf3 Nc6 3. Bb5 a6 4. Ba4 Nf6 5. d3 b5 6. Bb3 Bc5 7. a4 Rb8 8. Nc3 h6
9. Ne2 d6 10. h3 Bb6 11. Ng3 Ne7 12. O-O c5 13. c4 b4 14. a5 Bc7 15. Ba4+ Bd7 16.
Bxd7+ Qxd7 17. Nh4 g5 18. Nhf5 Nxf5 19. Nxf5 Kd8 20. Qf3 Ng8 21. Nxh6 Rxh6 22. Bxg5+
Kc8 23. Bxh6 Nxh6 24. Qh5 Qe6 25. f4 Kb7 26. Rf3 Rg8 27. Raf1 Qg6 28. Qxg6 fxg6 29.
fxe5 dxe5 30. Rf8 Rg7 31. g4 Bd6 32. R8f6 Be7 33. Re6 Ng8 34. b3 Bd8 35. Rxe5 Bf6
36. Re6 Bd4+ 37. Kg2 Ne7 38. Rb6+ Ka7 39. Rf8 g5 40. Rd8 Ng6 41. Rdd6 Nf4+ 42. Kf1
Nxd3 43. Rxa6+ Kb8 44. Rd8+ Kb7 45. Raa8 Rf7+ 46. Ke2 Nc1+ 47. Kd1 Nxb3 48. a6+ Kb6
49. Rd6+ Ka5 50. Rb8 Na1 51. e5 Bxe5 52. Rb5+ Ka4 53. Re6 Rd7+ 54. Ke2 Nb3 55. Rxe5
Nd4+ 56. Ke3 Nxb5 57. cxb5 Kxb5 58. Rxg5 b3 59. Rg8 Kxa6 60. Rb8 c4 61. Rb4 Ka5 62.
Rb8 Ka4  0-1

[Event "Pilsen Open 2024 - A INGEM IM Round Robin"]
[Site "Parkhotel Plzen ****, Plzen"]
[Date "2024.02.17"]
[Round "1"]
[Board "4"]
[White "Lundin, Jan"]
[Black "Nguyen, Alex Dac-Vuong"]
[Result "0-1"]
[WhiteElo "2238"]
[BlackElo "2370"]
[PlyCount "82"]
[EventDate "2024.02.17"]
[EventRounds "9"]
[EventCountry "CZE"]

1. d4 Nf6 2. Nc3 d5 3. Bg5 Nbd7 4. e3 c6 5. Nf3 Qa5 6. Nd2 e5 7. Nb3 Qc7 8. Bh4 Bd6
9. Be2 O-O 10. Bg3 b5 11. O-O Re8 12. a4 b4 13. Nb1 Ne4 14. N1d2 Nxg3 15. hxg3 c5
16. dxc5 Nxc5 17. Nxc5 Bxc5 18. a5 Be6 19. Bb5 Red8 20. Ba4 Rac8 21. Qe2 Be7 22.
Bb3 e4 23. Ra2 Qe5 24. Rd1 h5 25. Qa6 Bc5 26. Nf1 Rc7 27. Rd2 Bc8 28. Qb5 Bd7 29.
Qa6 Bc8 30. Qb5 a6 31. Qb8 d4 32. exd4 Rxd4 33. Rxd4 Qxd4 34. Ne3 Qd6 35. Ra1 Bxe3
36. fxe3 Qxg3 37. Kh1 h4 38. Rf1 h3 39. Bxf7+ Kh7 40. gxh3 Qxh3+ 41. Kg1 Rxc2  0-1

[Event "Pilsen Open 2024 - A INGEM IM Round Robin"]
[Site "Parkhotel Plzen ****, Plzen"]
[Date "2024.02.18"]
[Round "2"]
[Board "1"]
[White "Gorkiewicz, Mateusz"]
[Black "Michalek, Jan"]
[Result "1/2-1/2"]
[WhiteElo "2184"]
[BlackElo "2247"]
[PlyCount "85"]
[EventDate "2024.02.17"]
[EventRounds "9"]
[EventCountry "CZE"]

1. e4 g6 2. d4 d6 3. Nc3 Bg7 4. Bg5 a6 5. a4 Nd7 6. Qd2 c5 7. d5 Qa5 8. Nd1 Qxd2+
9. Kxd2 Ngf6 10. f3 O-O 11. Ne2 h6 12. Be3 Ne5 13. Nc1 e6 14. c4 exd5 15. cxd5 Ne8
16. Nc3 f5 17. h3 f4 18. Bf2 Bd7 19. a5 Nc7 20. Ra3 Rfb8 21. Rb3 Bf6 22. Kc2 Ne8
23. Be2 Bd8 24. Ra3 b5 25. axb6 Rxb6 26. Rb3 Rb4 27. N1a2 Rxb3 28. Kxb3 Rb8+ 29.
Kc2 Nc7 30. Rb1 a5 31. Ra1 a4 32. Nc1 Ra8 33. Ra3 Bf6 34. b3 axb3+ 35. Rxb3 Na6 36.
Bxa6 Rxa6 37. Rb7 Kf8 38. Be1 Ke8 39. Nb5 Bxb5 40. Rxb5 Nc4 41. Rb8+ Kf7 42. Rb7+
Kg8 43. Rb8+  1/2-1/2

[Event "Pilsen Open 2024 - A INGEM IM Round Robin"]
[Site "Parkhotel Plzen ****, Plzen"]
[Date "2024.02.18"]
[Round "2"]
[Board "2"]
[White "Nguyen, Alex Dac-Vuong"]
[Black "Kulon, Klaudia"]
[Result "1-0"]
[WhiteElo "2370"]
[BlackElo "2327"]
[PlyCount "65"]
[EventDate "2024.02.17"]
[EventRounds "9"]
[EventCountry "CZE"]

1. e4 c5 2. Nf3 d6 3. d4 cxd4 4. Nxd4 Nf6 5. Nc3 Nc6 6. Bg5 e6 7. Qd2 a6 8. O-O-O
Bd7 9. f3 Be7 10. h4 Nxd4 11. Qxd4 b5 12. Kb1 Qc7 13. Qd2 b4 14. Ne2 a5 15. g4 h5
16. gxh5 Nxh5 17. Bg2 Rc8 18. Rc1 Bf6 19. Rhd1 Bb5 20. Nd4 Ba4 21. Bf1 Rb8 22. Bh3
Bxg5 23. hxg5 g6 24. Bg4 Ke7 25. f4 e5 26. Ne2 Bc6 27. Qe3 Bb5 28. c4 Bc6 29. c5
Rbd8 30. cxd6+ Rxd6 31. Rxd6 Qxd6 32. fxe5 Qxe5 33. Rxc6  1-0

[Event "Pilsen Open 2024 - A INGEM IM Round Robin"]
[Site "Parkhotel Plzen ****, Plzen"]
[Date "2024.02.18"]
[Round "2"]
[Board "3"]
[White "Gramb, Marius"]
[Black "Lundin, Jan"]
[Result "0-1"]
[WhiteElo "2175"]
[BlackElo "2238"]
[PlyCount "102"]
[EventDate "2024.02.17"]
[EventRounds "9"]
[EventCountry "CZE"]

1. e4 e6 2. d4 d5 3. e5 c5 4. c3 Nc6 5. Nf3 Bd7 6. Be2 Rc8 7. O-O Nge7 8. dxc5 Ng6
9. b4 Ngxe5 10. Nxe5 Nxe5 11. Be3 Be7 12. a4 O-O 13. f4 Nc6 14. a5 a6 15. Na3 Bf6
16. Qd2 Qe7 17. Nc2 e5 18. fxe5 Bxe5 19. Bg5 f6 20. Bf4 Be6 21. Nd4 Rfe8 22. Rae1
Qd7 23. Bf3 Bxd4+ 24. cxd4 Bg4 25. Bg3 Bxf3 26. Rxf3 Rxe1+ 27. Bxe1 Re8 28. Re3 Rxe3
29. Qxe3 Qe7 30. Kf2 Qxe3+ 31. Kxe3 Kf7 32. Bc3 h5 33. g3 Ke6 34. h3 Kf5 35. Kf3
g5 36. g4+ hxg4+ 37. hxg4+ Ke6 38. Ke3 Kd7 39. Be1 Ke6 40. Bc3 f5 41. Kf3 f4 42.
Ke2 Kd7 43. Kd3 Nd8 44. Bd2 Nf7 45. Ke2 Nh8 46. Kf3 Ng6 47. b5 axb5 48. c6+ Kxc6
49. Bb4 Kd7 50. Bd2 Ke6 51. Bb4 Ne7  0-1

[Event "Pilsen Open 2024 - A INGEM IM Round Robin"]
[Site "Parkhotel Plzen ****, Plzen"]
[Date "2024.02.18"]
[Round "2"]
[Board "4"]
[White "Petr, Martin"]
[Black "Adarsh, Tripathi"]
[Result "1-0"]
[WhiteElo "2469"]
[BlackElo "2356"]
[PlyCount "39"]
[EventDate "2024.02.17"]
[EventRounds "9"]
[EventCountry "CZE"]

1. Nf3 d5 2. d4 e6 3. c4 a6 4. cxd5 exd5 5. Nc3 h6 6. Bf4 Nf6 7. e3 Bd6 8. Bxd6 Qxd6
9. Bd3 Be6 10. O-O Nbd7 11. h3 g5 12. e4 dxe4 13. Nxe4 Nxe4 14. Bxe4 O-O-O 15. d5
Nc5 16. dxe6 Nxe4 17. exf7 Qxd1 18. Raxd1 Nd6 19. Ne5 Rh7 20. Rxd6  1-0

[Event "Pilsen Open 2024 - A INGEM IM Round Robin"]
[Site "Parkhotel Plzen ****, Plzen"]
[Date "2024.02.18"]
[Round "2"]
[Board "5"]
[White "Delgerdalai, Bayarjavkhlan"]
[Black "Folk, Petr"]
[Result "1-0"]
[WhiteElo "2269"]
[BlackElo "2073"]
[PlyCount "55"]
[EventDate "2024.02.17"]
[EventRounds "9"]
[EventCountry "CZE"]

1. e4 c5 2. Nf3 e6 3. d4 cxd4 4. Nxd4 a6 5. c4 Nf6 6. Nc3 Qc7 7. Be2 b6 8. Be3 Bb7
9. Qc2 Bb4 10. O-O Bxc3 11. Qxc3 Nxe4 12. Nb5 Nxc3 13. Nxc7+ Kd8 14. Nxa8 Nxe2+ 15.
Kh1 Bxa8 16. Rfe1 b5 17. cxb5 Nc3 18. bxc3 axb5 19. Rab1 Bd5 20. a4 Ke7 21. axb5
Rc8 22. Rec1 d6 23. b6 Nd7 24. c4 Bb7 25. Ra1 Nc5 26. Ra7 Rb8 27. Bxc5 dxc5 28. Rd1
 1-0

[Event "Pilsen Open 2024 - A INGEM IM Round Robin"]
[Site "Parkhotel Plzen ****, Plzen"]
[Date "2024.02.19"]
[Round "3"]
[Board "1"]
[White "Folk, Petr"]
[Black "Gorkiewicz, Mateusz"]
[Result "0-1"]
[WhiteElo "2073"]
[BlackElo "2184"]
[PlyCount "116"]
[EventDate "2024.02.17"]
[EventRounds "9"]
[EventCountry "CZE"]

1. e4 e5 2. Nf3 Nc6 3. d4 exd4 4. Bc4 Nf6 5. e5 d5 6. Bb5 Ne4 7. Nxd4 Bd7 8. Bxc6
bxc6 9. O-O Bc5 10. f3 Ng5 11. Be3 Bb6 12. f4 Ne4 13. Nd2 Nxd2 14. Qxd2 c5 15. Nf3
d4 16. Bf2 Bc6 17. a4 a5 18. f5 Bxf3 19. gxf3 Qd5 20. Bh4 Kd7 21. Rae1 Rae8 22. Bg3
Kc8 23. b3 c4 24. bxc4 Qxc4 25. Qd3 Qxd3 26. cxd3 Kd7 27. Re4 g6 28. fxg6 hxg6 29.
Rc1 Rh5 30. Kg2 Rf5 31. f4 Ke6 32. Re2 Kd7 33. Rec2 Re6 34. Rc4 f6 35. R4c2 c5 36.
Re1 Kc6 37. Rc4 g5 38. fxg5 Rxg5 39. Rcc1 Rexe5 40. Rxe5 fxe5 41. Kf3 Kd5 42. h4
Rg8 43. h5 Bd8 44. Rb1 Rf8+ 45. Kg4 e4 46. dxe4+ Kxe4 47. Re1+ Kd3 48. Bd6 Rg8+ 49.
Kf3 Rg5 50. h6 Rh5 51. Re5 Rxh6 52. Bxc5 Rf6+ 53. Kg2 Rg6+ 54. Kf1 Rg5 55. Rxg5 Bxg5
56. Ke1 Bd2+ 57. Kd1 Bc3 58. Bb6 Kc4  0-1

[Event "Pilsen Open 2024 - A INGEM IM Round Robin"]
[Site "Parkhotel Plzen ****, Plzen"]
[Date "2024.02.19"]
[Round "3"]
[Board "2"]
[White "Adarsh, Tripathi"]
[Black "Delgerdalai, Bayarjavkhlan"]
[Result "1-0"]
[WhiteElo "2356"]
[BlackElo "2269"]
[PlyCount "53"]
[EventDate "2024.02.17"]
[EventRounds "9"]
[EventCountry "CZE"]

1. e4 e5 2. Nf3 Nc6 3. Bc4 Bc5 4. b4 Bxb4 5. c3 Bc5 6. d4 exd4 7. O-O d3 8. Ng5 Nh6
9. Nxf7 Nxf7 10. Bxf7+ Kxf7 11. Qh5+ g6 12. Qxc5 d6 13. Qb5 Bd7 14. Qxd3 Qe7 15.
Bb2 Raf8 16. c4 Rhg8 17. Nc3 Ne5 18. Qe2 Bc6 19. f4 Nd7 20. Rae1 Ke8 21. Qf2 Nc5
22. Nd5 Nd3 23. Nxe7 Nxf2 24. Nxg8 Nd3 25. Nf6+ Kf7 26. Nxh7 Nxe1 27. Rxe1  1-0

[Event "Pilsen Open 2024 - A INGEM IM Round Robin"]
[Site "Parkhotel Plzen ****, Plzen"]
[Date "2024.02.19"]
[Round "3"]
[Board "3"]
[White "Lundin, Jan"]
[Black "Petr, Martin"]
[Result "0-1"]
[WhiteElo "2238"]
[BlackElo "2469"]
[PlyCount "62"]
[EventDate "2024.02.17"]
[EventRounds "9"]
[EventCountry "CZE"]

1. e4 c5 2. c3 Nf6 3. e5 Nd5 4. d4 cxd4 5. Qxd4 e6 6. Nf3 Nc6 7. Qe4 f5 8. Qe2 Qc7
9. g3 b5 10. Bg2 a5 11. O-O Ba6 12. Nh4 Nde7 13. Re1 g6 14. Bg5 Bg7 15. Bf6 Kf7 16.
Bxg7 Kxg7 17. Nf3 h6 18. h4 b4 19. c4 g5 20. hxg5 hxg5 21. Qe3 f4 22. Qe4 fxg3 23.
Nbd2 gxf2+ 24. Kxf2 Raf8 25. Rh1 Rf4 26. Rxh8 Rxe4 27. Nxe4 Kxh8 28. Rh1+ Kg7 29.
Nf6 Qa7+ 30. Kg3 Nf5+ 31. Kg4 Nxe5+  0-1

[Event "Pilsen Open 2024 - A INGEM IM Round Robin"]
[Site "Parkhotel Plzen ****, Plzen"]
[Date "2024.02.19"]
[Round "3"]
[Board "4"]
[White "Kulon, Klaudia"]
[Black "Gramb, Marius"]
[Result "1-0"]
[WhiteElo "2327"]
[BlackElo "2175"]
[PlyCount "109"]
[EventDate "2024.02.17"]
[EventRounds "9"]
[EventCountry "CZE"]

1. d4 Nf6 2. Nf3 d5 3. Bf4 e6 4. e3 c5 5. c3 Nc6 6. Nbd2 cxd4 7. exd4 Nh5 8. Be3
Bd6 9. Ne5 g6 10. f4 f6 11. Nd3 Qc7 12. Qf3 Ng7 13. g4 Qf7 14. O-O-O Bd7 15. Kb1
O-O-O 16. c4 Kb8 17. h3 Ne7 18. c5 Bc7 19. b4 h5 20. Be2 Qe8 21. Nb3 Bb5 22. Nb2
Rf8 23. Bxb5 Qxb5 24. a4 Qe8 25. b5 e5 26. Rhe1 Ne6 27. Qe2 e4 28. Qf1 hxg4 29. hxg4
f5 30. g5 Rh8 31. Re2 Rh4 32. Rf2 Qd7 33. Rc1 Ka8 34. a5 Bb8 35. Na4 Bc7 36. c6 bxc6
37. Nbc5 Nxc5 38. Nxc5 Qc8 39. b6 axb6 40. axb6 Bxb6 41. Ra2+ Kb8 42. Qe1 Rh3 43.
Qb4 Kc7 44. Na6+ Kd7 45. Qxb6 Rxe3 46. Nc5+ Ke8 47. Rh1 Ng8 48. Ra7 Rg3 49. Rc7 Qa8
50. Rxc6 Rb8 51. Rc8+ Rxc8 52. Qe6+ Kf8 53. Nd7+ Kg7 54. Qe5+ Kf7 55. Rh7#  1-0

[Event "Pilsen Open 2024 - A INGEM IM Round Robin"]
[Site "Parkhotel Plzen ****, Plzen"]
[Date "2024.02.19"]
[Round "3"]
[Board "5"]
[White "Michalek, Jan"]
[Black "Nguyen, Alex Dac-Vuong"]
[Result "1/2-1/2"]
[WhiteElo "2247"]
[BlackElo "2370"]
[PlyCount "132"]
[EventDate "2024.02.17"]
[EventRounds "9"]
[EventCountry "CZE"]

1. e4 c5 2. Nf3 e6 3. c4 Nc6 4. Nc3 Nf6 5. Be2 d5 6. exd5 exd5 7. cxd5 Nxd5 8. O-O
Be7 9. d4 Nxc3 10. bxc3 cxd4 11. cxd4 Qd5 12. Be3 O-O 13. Qd2 Bf5 14. Qb2 Rfd8 15.
Rfd1 Be4 16. Ne5 Nxe5 17. dxe5 Qa5 18. Bc4 Rac8 19. Qb3 Qxe5 20. Bxf7+ Kh8 21. Qe6
Bd6 22. f4 Qxe6 23. Bxe6 Rc2 24. Rac1 Rxg2+ 25. Kf1 Rc2 26. Rxc2 Bxc2 27. Rd2 Ba4
28. Bc5 Bc7 29. Rxd8+ Bxd8 30. Bxa7 Bc7 31. Be3 h5 32. h3 Kh7 33. Kf2 Kg6 34. Bc8
Bc6 35. Be6 Kf6 36. Bc8 Bd5 37. a3 Bc6 38. Bd4+ Kf7 39. Ke3 Bd6 40. a4 Bc7 41. f5
Bd5 42. Bd7 Bd6 43. Bb5 Bg2 44. Bc4+ Kf8 45. f6 gxf6 46. Bxf6 Bxh3 47. a5 Bc8 48.
Bd5 Bc7 49. Bf3 Kf7 50. Bd4 h4 51. Bb6 Be5 52. Kf2 Ke7 53. Kg2 Kd6 54. Be4 Bc3 55.
Bf2 h3+ 56. Kh2 Be5+ 57. Bg3 Bxg3+ 58. Kxg3 Kc7 59. Bd3 Be6 60. Be4 Bd7 61. Bd3 Kb8
62. Bc4 Kc8 63. Bd3 Kc7 64. Be2 Kd6 65. a6 bxa6 66. Bxa6 h2  1/2-1/2

[Event "Pilsen Open 2024 - A INGEM IM Round Robin"]
[Site "Parkhotel Plzen ****, Plzen"]
[Date "2024.02.20"]
[Round "4"]
[Board "1"]
[White "Gorkiewicz, Mateusz"]
[Black "Nguyen, Alex Dac-Vuong"]
[Result "0-1"]
[WhiteElo "2184"]
[BlackElo "2370"]
[PlyCount "92"]
[EventDate "2024.02.17"]
[EventRounds "9"]
[EventCountry "CZE"]

1. e4 c5 2. Nf3 d6 3. d4 Nf6 4. dxc5 Nxe4 5. cxd6 Nc6 6. dxe7 Qxd1+ 7. Kxd1 Bxe7
8. Be3 O-O 9. Kc1 Bf5 10. a3 Nf6 11. Bd3 Bxd3 12. cxd3 Ng4 13. Nc3 f5 14. g3 f4 15.
gxf4 Nxf2 16. Bxf2 Rxf4 17. Kd2 Rxf3 18. Ke2 Raf8 19. Rhf1 Rh3 20. Bg1 Bd6 21. Rxf8+
Kxf8 22. Rf1+ Ke8 23. Rf3 Rh5 24. h3 Ne5 25. Rg3 Ng6 26. Re3+ Kd7 27. Rf3 Nf4+ 28.
Kd2 Rxh3 29. Rxh3 Nxh3 30. Bxa7 g5 31. Ne4 Be5 32. b4 g4 33. Ke2 Nf4+ 34. Ke3 Nd5+
35. Ke2 Kc6 36. Bc5 b5 37. d4 Bf4 38. Nf2 h5 39. Nd3 Nc3+ 40. Kf1 Bc7 41. Kg2 Kd5
42. Nf2 Ne4 43. Nd1 Bf4 44. Nb2 h4 45. Nd3 h3+ 46. Kf1 Be3  0-1

[Event "Pilsen Open 2024 - A INGEM IM Round Robin"]
[Site "Parkhotel Plzen ****, Plzen"]
[Date "2024.02.20"]
[Round "4"]
[Board "2"]
[White "Gramb, Marius"]
[Black "Michalek, Jan"]
[Result "1/2-1/2"]
[WhiteElo "2175"]
[BlackElo "2247"]
[PlyCount "145"]
[EventDate "2024.02.17"]
[EventRounds "9"]
[EventCountry "CZE"]

1. e4 g6 2. d4 d6 3. Nc3 Bg7 4. Be3 a6 5. Qd2 b5 6. O-O-O Nd7 7. f3 c6 8. h4 h5 9.
Nh3 Nb6 10. Ng5 Nf6 11. Kb1 b4 12. Ne2 Nc4 13. Qc1 e6 14. Nf4 Nxe3 15. Qxe3 Qe7 16.
Qb3 d5 17. e5 Nd7 18. Ngxe6 fxe6 19. Nxg6 Qf7 20. Nxh8 Bxh8 21. g4 c5 22. dxc5 Qf4
23. c4 bxc3 24. Qxc3 Nxe5 25. Rd4 Qf8 26. Qc1 Rb8 27. Rh2 Qg7 28. Rf4 Qg6+ 29. Ka1
Nd3 30. Bxd3 Qxd3 31. Ra4 Qxf3 32. c6 Be5 33. Rc2 hxg4 34. a3 g3 35. c7 Rb3 36. Ka2
Rb6 37. Rb4 Rxb4 38. axb4 Qf4 39. Qe1 Qf5 40. Re2 Bd6 41. Qc3 Qg4 42. Qh8+ Bf8 43.
Rc2 Qxb4 44. Qh5+ Kd7 45. Qg5 Be7 46. Qxg3 Qxh4 47. Qg1 Qa4+ 48. Kb1 Qb5 49. Qg8
Qf1+ 50. Ka2 a5 51. Rh2 Qf4 52. Rh8 Qc4+ 53. Kb1 Qxc7 54. Qe8+ Kd6 55. Qxc8 Qxc8
56. Rxc8 Ke5 57. Kc2 Bb4 58. Kd3 Kd6 59. Rd8+ Kc7 60. Rh8 e5 61. Rh5 Kd6 62. Rh6+
Kc5 63. b3 e4+ 64. Ke3 Bc3 65. Rh7 Bd4+ 66. Kf4 Bb2 67. Rc7+ Kd4 68. Rd7 Bc1+ 69.
Kg3 Bd2 70. Kf2 Kc3 71. Rxd5 e3+ 72. Ke2 Kxb3 73. Rxa5  1/2-1/2

[Event "Pilsen Open 2024 - A INGEM IM Round Robin"]
[Site "Parkhotel Plzen ****, Plzen"]
[Date "2024.02.20"]
[Round "4"]
[Board "3"]
[White "Petr, Martin"]
[Black "Kulon, Klaudia"]
[Result "1-0"]
[WhiteElo "2469"]
[BlackElo "2327"]
[PlyCount "65"]
[EventDate "2024.02.17"]
[EventRounds "9"]
[EventCountry "CZE"]

1. Nf3 Nf6 2. g3 g6 3. b3 Bg7 4. Bb2 c5 5. c4 O-O 6. Bg2 Nc6 7. O-O a6 8. d4 d5 9.
Nbd2 cxd4 10. Nxd4 Nxd4 11. Bxd4 Be6 12. c5 Rc8 13. b4 Qd7 14. Nf3 Bh3 15. Qb3 Bxg2
16. Kxg2 Qf5 17. Rfd1 Rfd8 18. Qb2 g5 19. a4 Bf8 20. Bxf6 exf6 21. a5 g4 22. Nd4
Qh5 23. Qc2 Re8 24. Qf5 Qh3+ 25. Kg1 Rcd8 26. e3 Bg7 27. c6 bxc6 28. Nxc6 Rd6 29.
Rac1 Bh6 30. Rd4 Re4 31. Rxe4 dxe4 32. Ne7+ Kg7 33. Qc8  1-0

[Event "Pilsen Open 2024 - A INGEM IM Round Robin"]
[Site "Parkhotel Plzen ****, Plzen"]
[Date "2024.02.20"]
[Round "4"]
[Board "4"]
[White "Delgerdalai, Bayarjavkhlan"]
[Black "Lundin, Jan"]
[Result "1/2-1/2"]
[WhiteElo "2269"]
[BlackElo "2238"]
[PlyCount "166"]
[EventDate "2024.02.17"]
[EventRounds "9"]
[EventCountry "CZE"]

1. d4 Nf6 2. c4 c5 3. d5 g6 4. Nc3 Bg7 5. g3 d6 6. Bg2 O-O 7. Nf3 e6 8. O-O exd5
9. cxd5 Nbd7 10. Nd2 b6 11. Nc4 Qe7 12. e4 Ba6 13. Qa4 Bxc4 14. Qxc4 a6 15. Qe2 b5
16. Qc2 Rfe8 17. Bd2 c4 18. Rae1 Ne5 19. Re2 Rac8 20. a3 Qd7 21. h3 a5 22. Na2 Qc7
23. Nc1 Ned7 24. Rfe1 Qb6 25. Be3 Qb8 26. f4 b4 27. axb4 axb4 28. Qa4 Nc5 29. Bxc5
Rxc5 30. e5 Nxd5 31. Rd1 Nc7 32. Rxd6 Bf8 33. Rd7 Re6 34. Qd1 Ra6 35. Kh2 Ne6 36.
Rb7 Qc8 37. Rxb4 Ra1 38. Ra4 Rxa4 39. Qxa4 c3 40. bxc3 Rxc3 41. Nb3 Qd8 42. Rd2 Rd3
43. Qa2 Bb4 44. Rxd3 Qxd3 45. Qa8+ Kg7 46. Qd5 Qb1 47. Nd4 Nxd4 48. Qxd4 Kg8 49.
Qd8+ Bf8 50. h4 Qf5 51. Qc7 Qe6 52. Qb7 Qe7 53. Qc6 Qc5 54. Qa4 Qb4 55. Qd1 Qb2 56.
Qd7 Qe2 57. Kh3 h5 58. Qd5 Qg4+ 59. Kh2 Qe2 60. Qd4 Be7 61. Qd7 Bf8 62. Kh3 Kg7 63.
Qd8 Qg4+ 64. Kh2 Qe2 65. Qf6+ Kg8 66. f5 gxf5 67. Qxf5 Bg7 68. Qc8+ Kh7 69. Qe8 Kg6
70. Qc6+ Kh7 71. Qd7 Kg6 72. Qd6+ Kh7 73. Qe7 Kg8 74. Qe8+ Bf8 75. Qb8 Kg7 76. Qc7
Kg8 77. Qa5 Bg7 78. Qd8+ Kh7 79. Qe8 Kg6 80. Qc6+ Kh7 81. Qe4+ Qxe4 82. Bxe4+ Kh6
83. Bd5 Bxe5  1/2-1/2

[Event "Pilsen Open 2024 - A INGEM IM Round Robin"]
[Site "Parkhotel Plzen ****, Plzen"]
[Date "2024.02.20"]
[Round "4"]
[Board "5"]
[White "Folk, Petr"]
[Black "Adarsh, Tripathi"]
[Result "1-0"]
[WhiteElo "2073"]
[BlackElo "2356"]
[PlyCount "57"]
[EventDate "2024.02.17"]
[EventRounds "9"]
[EventCountry "CZE"]

1. e4 c5 2. Nf3 d6 3. d4 cxd4 4. Nxd4 Nf6 5. Nc3 g6 6. Be3 Bg7 7. f3 Nc6 8. Qd2 O-O
9. O-O-O Bd7 10. g4 Rc8 11. h4 Ne5 12. h5 Qa5 13. Nb3 Qc7 14. Be2 b5 15. Kb1 b4 16.
Nd5 Nxd5 17. exd5 a5 18. Nd4 Nc4 19. Bxc4 Qxc4 20. Bh6 Bxd4 21. Qxd4 Qxd4 22. Rxd4
Rfe8 23. hxg6 fxg6 24. Re1 Rc5 25. Re3 Bb5 26. a3 bxa3 27. Rf4 Rxd5 28. Rxe7 Rc8
29. Rg7+  1-0

[Event "Pilsen Open 2024 - A INGEM IM Round Robin"]
[Site "Parkhotel Plzen ****, Plzen"]
[Date "2024.02.20"]
[Round "5"]
[Board "1"]
[White "Adarsh, Tripathi"]
[Black "Gorkiewicz, Mateusz"]
[Result "0-1"]
[WhiteElo "2356"]
[BlackElo "2184"]
[PlyCount "50"]
[EventDate "2024.02.17"]
[EventRounds "9"]
[EventCountry "CZE"]

1. d4 Nf6 2. Nc3 d5 3. Bf4 e6 4. Nb5 Na6 5. e3 Be7 6. Nf3 O-O 7. c4 c6 8. Nc3 c5
9. cxd5 cxd4 10. exd4 Nxd5 11. Bd2 b6 12. Bd3 Bb7 13. O-O Nab4 14. Bb1 Nf6 15. a3
Nbd5 16. Re1 Rc8 17. Ne5 a6 18. Qe2 b5 19. Qd3 g6 20. Qh3 Qb6 21. Nxd5 Bxd5 22. Qh4
Ne4 23. Qxe7 Nxd2 24. Qh4 Nb3 25. Qf6 Qd8  0-1

[Event "Pilsen Open 2024 - A INGEM IM Round Robin"]
[Site "Parkhotel Plzen ****, Plzen"]
[Date "2024.02.20"]
[Round "5"]
[Board "2"]
[White "Lundin, Jan"]
[Black "Folk, Petr"]
[Result "1-0"]
[WhiteElo "2238"]
[BlackElo "2073"]
[PlyCount "73"]
[EventDate "2024.02.17"]
[EventRounds "9"]
[EventCountry "CZE"]

1. d4 Nf6 2. c4 g6 3. h4 Bg7 4. Nc3 d6 5. e4 O-O 6. Be2 c5 7. d5 e6 8. h5 exd5 9.
exd5 Re8 10. Kf1 Nbd7 11. h6 Bh8 12. Nf3 Ne5 13. Ng5 a6 14. a4 b6 15. g3 Ra7 16.
Rh4 Rae7 17. Bd2 Bf5 18. Be3 Qc8 19. Bf4 Nfg4 20. f3 Nf6 21. g4 Bd7 22. a5 bxa5 23.
Rxa5 Qb7 24. Qa1 Nxc4 25. Bxc4 Re1+ 26. Qxe1 Rxe1+ 27. Kxe1 Qb4 28. Rxa6 Qxc4 29.
Ra8+ Ne8 30. Nge4 f5 31. gxf5 gxf5 32. Be5 Qd3 33. Bxh8 fxe4 34. Rxe4 Kf7 35. Ra7
Nf6 36. Rf4 Qe3+ 37. Ne2  1-0

[Event "Pilsen Open 2024 - A INGEM IM Round Robin"]
[Site "Parkhotel Plzen ****, Plzen"]
[Date "2024.02.20"]
[Round "5"]
[Board "3"]
[White "Kulon, Klaudia"]
[Black "Delgerdalai, Bayarjavkhlan"]
[Result "1-0"]
[WhiteElo "2327"]
[BlackElo "2269"]
[PlyCount "89"]
[EventDate "2024.02.17"]
[EventRounds "9"]
[EventCountry "CZE"]

1. c4 e6 2. g3 d5 3. Bg2 Nf6 4. Nf3 d4 5. b4 a5 6. b5 c5 7. bxc6 Nxc6 8. O-O Bc5
9. Ba3 Qd6 10. Bxc5 Qxc5 11. d3 O-O 12. Nbd2 a4 13. Rb1 Ra5 14. Rb2 Qa7 15. Qb1 Ne8
16. Rc1 Nd6 17. Rb6 Ra6 18. Rxa6 Qxa6 19. Qb2 e5 20. Rb1 Qa5 21. Qb6 f6 22. Qxa5
Nxa5 23. c5 Nf7 24. Rb5 Nc6 25. Nc4 Be6 26. Nfd2 Nfd8 27. a3 Rf7 28. Nd6 Rc7 29.
N2c4 Bxc4 30. Nxc4 Kf8 31. f4 exf4 32. gxf4 Na7 33. Ra5 Ndc6 34. Rxa4 Nb5 35. Ra8+
Kf7 36. f5 Nc3 37. Kf1 Ne5 38. Nd6+ Ke7 39. Re8+ Kd7 40. Rg8 Rxc5 41. Nxb7 Rc7 42.
Rxg7+ Kc8 43. Nd6+ Kd8 44. Rxc7 Kxc7 45. Ne8+  1-0

[Event "Pilsen Open 2024 - A INGEM IM Round Robin"]
[Site "Parkhotel Plzen ****, Plzen"]
[Date "2024.02.20"]
[Round "5"]
[Board "5"]
[White "Nguyen, Alex Dac-Vuong"]
[Black "Gramb, Marius"]
[Result "1-0"]
[WhiteElo "2370"]
[BlackElo "2175"]
[PlyCount "173"]
[EventDate "2024.02.17"]
[EventRounds "9"]
[EventCountry "CZE"]

1. e4 e5 2. Nf3 Nc6 3. Bb5 a6 4. Ba4 Nf6 5. O-O Be7 6. Re1 b5 7. Bb3 d6 8. c3 O-O
9. h3 Nb8 10. d4 Nbd7 11. Nbd2 c5 12. Nf1 Bb7 13. Ng3 g6 14. Bh6 Re8 15. Qd2 c4 16.
Bc2 Bf8 17. a4 Bxh6 18. Qxh6 Qe7 19. b4 Qf8 20. Qd2 Kh8 21. Nh2 Bc6 22. Ng4 h5 23.
Nh2 Nb6 24. f4 Qh6 25. dxe5 dxe5 26. Qf2 exf4 27. Qxb6 fxg3 28. Qxc6 gxh2+ 29. Kh1
Ng8 30. axb5 Qd2 31. Ba4 axb5 32. Bxb5 Rxa1 33. Rxa1 Qxc3 34. Rf1 Re6 35. Qxc4 Qxc4
36. Bxc4 Rxe4 37. Bxf7 Rxb4 38. Bxg6 h4 39. Rf7 Nh6 40. Rc7 Kg8 41. Kxh2 Rf4 42.
Bd3 Kf8 43. Bc4 Ke8 44. Bd5 Kf8 45. Kg1 Rd4 46. Bb3 Rf4 47. Rh7 Rf6 48. Bd5 Rd6 49.
Bb3 Rf6 50. Bd5 Rd6 51. Kf2 Rxd5 52. Rxh6 Rd2+ 53. Kf3 Rd3+ 54. Ke2 Rd4 55. Ke3 Ra4
56. Rf6+ Kg7 57. Rf4 Ra2 58. Kf3 Ra3+ 59. Kf2 Kg6 60. Rxh4 Kg5 61. Rb4 Ra2+ 62. Kg3
Ra3+ 63. Kh2 Rc3 64. Rb5+ Kg6 65. h4 Kh6 66. g3 Rc6 67. Kh3 Rc3 68. h5 Rc1 69. Kh4
Rh1+ 70. Kg4 Ra1 71. Rb6+ Kh7 72. Kg5 Ra5+ 73. Kh4 Ra4+ 74. g4 Rc4 75. h6 Rc1 76.
Kh5 Rc5+ 77. g5 Ra5 78. Rb7+ Kh8 79. Re7 Rb5 80. Kg6 Rb6+ 81. Kf5 Rb5+ 82. Kf6 Rb6+
83. Re6 Rb8 84. g6 Ra8 85. h7 Rb8 86. Kg5 Rc8 87. Kh6  1-0

[Event "Pilsen Open 2024 - A INGEM IM Round Robin"]
[Site "Parkhotel Plzen ****, Plzen"]
[Date "2024.02.21"]
[Round "6"]
[Board "1"]
[White "Gorkiewicz, Mateusz"]
[Black "Gramb, Marius"]
[Result "1-0"]
[WhiteElo "2184"]
[BlackElo "2175"]
[PlyCount "55"]
[EventDate "2024.02.17"]
[EventRounds "9"]
[EventCountry "CZE"]

1. e4 c5 2. Nf3 d6 3. d4 cxd4 4. Qxd4 Nc6 5. Bb5 Bd7 6. Bxc6 Bxc6 7. Nc3 Nf6 8. Bg5
e6 9. O-O-O Be7 10. Rhe1 O-O 11. Kb1 Qa5 12. Qd2 Rfd8 13. Nd4 Qc7 14. f3 a6 15. g4
b5 16. Nce2 a5 17. Ng3 b4 18. Nh5 Ba4 19. Bxf6 Bxf6 20. Nxf6+ gxf6 21. b3 Be8 22.
Qh6 a4 23. Nf5 exf5 24. gxf5 Qxc2+ 25. Kxc2 axb3+ 26. Kd3 Bb5+ 27. Ke3 Kh8 28. Rg1
 1-0